Meredah onak
| Main Author: | |
|---|---|
| Format: | Book |
| Published: |
Kuala Lumpur :
Utusan Publication & Distr. ,
1995
|
| Subjects: |
MARC
| LEADER | 00000cam a2200000 7i4500 | ||
|---|---|---|---|
| 001 | 0000003056 | ||
| 005 | 19991202.0 | ||
| 020 | |a 9676105791 | ||
| 040 | |a INS | ||
| 090 | 0 | 0 | |a 899.2333 |b ZAI |
| 100 | 1 | |a Zailiani Taslim | |
| 245 | 1 | 0 | |a Meredah onak |c oleh Zailiani Taslim |
| 260 | |a Kuala Lumpur : |b Utusan Publication & Distr. , |c 1995 | ||
| 300 | |a 237p ; |c 17.5cm. | ||
| 650 | 0 | 0 | |a Malay fiction |
| 999 | |a 0000006077 |b BOOK |c Open Shelf |e Default branch | ||